Nueva legislación del comercio de seguros: texto actualizado de acuerdo a la ley 18.046, de 22 de octubre de 1981

Gespeichert in:
Bibliographische Detailangaben
1. Verfasser: Mussy de Marolles, Oriana de (autora)
Weitere Verfasser: Muñoz Sánchez, Andrea (autora)
Format: Buch
Sprache:Spanisch
Veröffentlicht: Santiago Jurídica de Chile 1982
Schlagworte:
Tags: Tag hinzufügen
Keine Tags, Fügen Sie den ersten Tag hinzu!

MARC

LEADER 00000nam a2200000 a 4500
001 UCV2025
003 CL-VaPUC
008 910924e19820000CL |||||||||||||||||spa|d
082 0 4 |a 346.086  |b MUS  |2 21 
100 |a Mussy de Marolles, Oriana de  |e autora  |9 296219 
700 |a Muñoz Sánchez, Andrea  |e autora  |9 342939 
245 1 0 |a Nueva legislación del comercio de seguros: texto actualizado de acuerdo a la ley 18.046, de 22 de octubre de 1981 
300 |a 310 p 
942 |c BK 
945 |d 19910924 00:00:00 
260 |a Santiago  |b Jurídica de Chile  |c 1982 
650 7 |a SEGUROS  |2 CL-VaPUC  |9 296221 
650 0 |a Derecho y legislación   |9 255077 
651 7 |a CHILE  |2 CL-VaPUC  |9 296222 
583 |a last modification  |c 19910924 00:00:00  |k Rodrigo Vera 
999 |c 209719  |d 209717 
952 |0 0  |1 0  |4 0  |6 346_086000000000000_MUS_1982  |7 0  |8 A  |9 185372  |a BIBDER  |b BIBDER  |d 2019-11-14  |i 252872K  |o 346.086 MUS 1982  |p 252872K  |r 2023-01-25  |w 2019-11-14  |y BK  |k DER 
952 |0 0  |1 0  |4 0  |6 346_086000000000000_MUS_1982  |7 0  |8 A  |9 185373  |a BIBDER  |b BIBDER  |d 2019-11-14  |i 2528738  |o 346.086 MUS 1982  |p 2528738  |r 2019-11-14  |w 2019-11-14  |y BK  |k DER